书目信息 |
| 题名: |
花卉摄影
|
|
| 作者: | 姚和兴 著 | |
| 分册: | ||
| 出版信息: | 杭州 浙江摄影出版社 2000 |
|
| 页数: | 103页 | |
| 开本: | 24cm | |
| 丛书名: | 摄影与观察系列 | |
| 单 册: | ||
| 中图分类: | J419.5 | |
| 科图分类: | ||
| 主题词: | 花卉--艺术摄影--摄影技术 , 花卉 , 艺术摄影 , 摄影技术 | |
| 电子资源: | ||
| ISBN: | 7-80536-760-4 | |
| 000 | 00697nam0 2200277 45 | |
| 001 | (011001)c2001029347 | |
| 005 | 20031219104119.0 | |
| 010 | @a7-80536-760-4@dCNY56.00 | |
| 100 | @a20001129d2000 em y0chiy0110 ea | |
| 101 | 0 | @achi |
| 102 | @aCN@b330000 | |
| 105 | @aa z 000yy | |
| 106 | @ar | |
| 200 | 1 | @a花卉摄影@f姚和兴著 |
| 210 | @a杭州@c浙江摄影出版社@d2000 | |
| 215 | @a103页@c图@d24cm | |
| 225 | 2 | @a摄影与观察系列 |
| 461 | 0 | @12001 @a摄影与观察系列 |
| 606 | 0 | @a花卉@x艺术摄影@x摄影技术 |
| 606 | 0 | @a花卉 |
| 606 | 0 | @a艺术摄影 |
| 606 | 0 | @a摄影技术 |
| 690 | @aJ419.5@v4 | |
| 701 | 0 | @a姚和兴@4著 |
| 801 | @aCN@bTSTC@c20030929 | |
| 905 | @b326344-348@dJ419.5@e160@f5 | |
| 花卉摄影/姚和兴著.-杭州:浙江摄影出版社,2000 |
| 103页:图;24cm.-(摄影与观察系列) |
| ISBN 7-80536-760-4:CNY56.00 |
| ● |
| 相关链接 |
|
|
|
|
正题名:花卉摄影
索取号:J419.5/160
 
预约/预借
| 序号 | 登录号 | 条形码 | 馆藏地/架位号 | 状态 | 备注 |
| 1 | 0326344 | 203263440 | 第一借阅区/ [索取号:J419.5/160] | 在馆 | |
| 2 | 0326345 | 203263459 | 第一借阅区/ [索取号:J419.5/160] | 在馆 | |
| 3 | 0326346 | 203263468 | 第一借阅区/ [索取号:J419.5/160] | 在馆 | |
| 4 | 0326347 | 203263477 | 第一借阅区/ [索取号:J419.5/160] | 在馆 | |
| 5 | 0326348 | 203263486 | 第一借阅区/ [索取号:J419.5/160] | 在馆 |